| 000 | 01377cgm a22003495a 4500 | ||
|---|---|---|---|
| 001 | 3699 | ||
| 003 | FISKH | ||
| 005 | 20240422142455.0 | ||
| 007 | m|||||||||||||||| | ||
| 007 | m||||||||||||||||20006 | ||
| 008 | 010906s1997 xxu001 mleng | ||
| 010 | _a 2001643588 | ||
| 017 |
_aPA965-428 _bU.S. Copyright Office |
||
| 020 | _a9781869559465 | ||
| 040 |
_aDLC _cDLC _eamim _dDLC _beng |
||
| 050 | 0 | 0 | _aCGC 9323-9328 (viewing print) |
| 082 | _a398.20942 | ||
| 100 | _aSmith, Annette | ||
| 245 | 0 | 4 |
_aThe gingerbread man / _cRetold by Annette Smith; Illustrated by Rachel Tonkin ; Gingerbread man created by Nathan Mitchell |
| 260 |
_aVictoria : _bNelson Cengage Learning, _c1997. |
||
| 300 |
_a32 pages : _bcolor illustrations ; _c21 cm |
||
| 505 | _aG | ||
| 511 | 1 | _aKenneth Branagh, Embeth Davidtz, Robert Downey Jr. Daryl Hannah. | |
| 520 | _aWhen a little old lady bakes a gingerbread man, he comes alive and runs away. She chases him and along the way other animals try convincing him to stop. Finally, he arrives at a river where he must decide whether to accept an old fox's help. | ||
| 521 | 8 |
_a380
_bLexile |
|
| 521 | 8 |
_aG
_bRaz-Plus |
|
| 650 |
_aFairytale _xGingerbread man |
||
| 700 |
_aTonkin, Rachel _eIllustrator |
||
| 906 |
_a0 _bcbc _corignew _du _encip _f20 _gy-movingim |
||
| 942 |
_2ddc _cBK _n0 |
||
| 999 |
_c3699 _d3699 |
||